| 000 | 00869nac a22002531u 4500 | ||
|---|---|---|---|
| 010 | _a 2006103486 | ||
| 020 | _a0321416112 | ||
| 020 | _a9780321416117 | ||
| 082 | 0 | 0 |
_a330 _bROH |
| 090 |
_c8854 _d8854 |
||
| 100 | _aRohlf, William D. | ||
| 245 | 1 | 0 |
_aIntroduction to economic reasoning / _cWilliam D. Rohlf, Jr. |
| 250 | _a7th ed. | ||
| 260 |
_aBoston, MA : _bAddison Wesley,2008 _cc2008. |
||
| 300 |
_axxviii, 529 p. : _bill. ; _c23 cm. |
||
| 490 | 0 | _aThe Addison-Wesley series in economics | |
| 500 | _adistributer: Baccah | ||
| 504 | _aIncludes bibliographical references and index. | ||
| 511 | _acatalogued by: wessam | ||
| 650 | 0 | _aEconomics. | |
| 651 | 0 |
_aUnited States _xEconomic conditions. |
|
| 856 | 4 | 1 |
_3Table of contents only _uhttp://www.loc.gov/catdir/toc/ecip077/2006103486.html |
| 942 |
_cBB _k330ROH |
||
| 999 |
_c8854 _d8854 |
||